000 00690nam a2200277Ia 4500
005 20260324115840.0
008 008 260324s9999 xx 000 0 eng d
020 _a9781315368108
037 _aEBOOK
040 _aCRL
040 _beng
040 _cCRL
041 _2eng
041 _aeng
084 _qCRL
100 _aRavindra Kumar Gautam; Mahesh Chandra Chattopadhyaya
_91156243
245 0 _aAdvanced Nanomaterials for Wastewater Remediation
260 _bTaylor and Francis
260 _c2016
365 _a
365 _b560
856 _uhttp://www.taylorfrancis.com/books/9781315368108
942 _cEBOOK
999 _c1747424
_d1747424